000 00774nam a2200229Ia 4500
001 15947
003 GE_BSU
008 181216s||||||||xx |||||||||||||| ||und||
040 _cGE_BSU
080 _a821.353.1-31
100 _aჯაფარიძე, რევაზ
245 _aჯარისკაცის ქვრივი. წ. 2.
245 _bრომანი 2 წიგნად
245 _cრედ. ნ. ინასარიძე. მხ. გ. გორდელაძე
260 _aთბილისი
260 _bსაბჭ. საქართველო
260 _c1960
300 _a444 გვ. ილ.21 სმ.
653 _aრომანი
653 _aჯარისკაცის ქვრივი
942 _cBK
999 _c49041
_d49041